| 000 | 00690nam a2200205 i 4500 | ||
|---|---|---|---|
| 001 | 31313 | ||
| 003 | ES-MaACL | ||
| 005 | 20250808070306.0 | ||
| 007 | t| | ||
| 008 | 030128s1932 fr ||||1| fre d | ||
| 100 | 1 |
_aSaint-Aulaire, Auguste-Felix-Charles de Beaupoil, _ccomte de, _d1866-1954 _9101514 |
|
| 245 | 1 | 0 |
_aRichelieu / _cComte de Saint-Aulaire Auguste Felix Charles de Beaupoil. |
| 260 |
_aParĂs : _bDunod, _c1932 ( _fDidot) |
||
| 300 |
_a210 p. ; _c19 cm. |
||
| 490 | 1 | _aLes Constructeurs | |
| 600 | 1 | 4 |
_aRichelieu, Armand Jean du Plessis, _cduc de, _d1585-1642 _996947 |
| 830 | 0 |
_aLes Constructeurs _9181439 |
|
| 852 |
_aES-MaACL _jA-970 |
||
| 999 |
_c31313 _d31313 |
||